000 00932nam a2200301Ia 4500
001 68
003 IT-RoPAU
008 130308s9999 xx 000 0 und d
040 _aIT-RoPAU
040 _cIT-RoPAU
041 _aITALIANO
100 _aGiaccardo Timoteo
100 _gCodice Aut. SPICS: 6117
245 _aMaria regina degli apostoli (T.G.)
245 _bMaria regina degli Apostoli (T.G.)
250 _a3a ed.
260 _aROMA
260 _bEdizioni Paoline
260 _c1961 [1° Ed.:1928 - Ed.Ling.Originale:1928]
300 _a"360 p. (prefazione: no ; testo: 360)"
500 _aMese di maggio a Maria regina degli Apostoli ragioni del titolo di Maria regina degli Apostoli benefici del titolo culto del titolo Apostolato Devozioni Paoline
650 _aAUTORI/OPERE FAMIGLIA PAOLINA
650 _eCodice materia Spics: 9903
942 _cBK
957 _71
999 _c76292
_d76292
999 _bSI
999 _g1